000 00479nam a2200205Ia 4500
003 OSt
005 20260105130617.0
008 250729s1963 xx 000 0 und d
020 _a978-1015266179
040 _cAL
041 _aeng
082 _a030 EI
100 _aGrolier
_9227533
245 _aEncyclopeadia international
260 _aCanada,USA
_c1963
300 _a592p
650 _aEncyclopedia
_9227534
700 _aRao Digumurthi
_9227535
942 _2ddc
_cBED
999 _c237682
_d237682